Metody numerickej matematiky

Gespeichert in:
Bibliographische Detailangaben
Format: Buch
Sprache:Tschechisch
Veröffentlicht: Praha Academia 1987
Ausgabe:2. přeprac. a dopln. vyd.
Tags: Tag hinzufügen
Keine Tags, Fügen Sie das erste Tag hinzu!

MARC

LEADER 00000nam a2200000 4500
001 c030414
005 20260327073013.2
041 0 |a cze 
044 |a CZ 
245 1 0 |a Metody numerickej matematiky  |c Gurij Ivanovič Marčuk ; [Z rus. prel.] Petr Přikryl, Karel Segeth 
250 |a 2. přeprac. a dopln. vyd. 
264 1 |a Praha  |b Academia  |c 1987 
300 |a 526 s.